00914pam a2200265 a 4500001000500000005001700005020004400022040001800066050002100084082001800105100004100123245008000164250001300244260003700257300005100294490003500345505000600380520010500386521002100491521001800512650003800530650003200568650001100600700003700611122220250805084734.0 a0064451070 (pbk.) :c$4.50 ($5.95 Can.) aDLCcDLCdDLC00aQK740b.J67 199200a582/.01662201 aJordan, Helene J.q(Helene Jamieson)10aHow a seed grows /cby Helene J. Jordan ; illustrated by Loretta Krupinski. aRev. ed. aNew York :bHarperTrophy,c1992. a31 pages :bcolor illustrations ;c21 x 25 cm.0 aA Let's-read-and-find-out book aH aUses observations of bean seeds planted in eggshells to demonstrate the growth of seeds into plants. a470 bLexile AD aH bRaz-Plus 0aGerminationxJuvenile literature. 0aSeedsxJuvenile literature. 1aSeeds.1 aKrupinski, Loretta,eillustrator